Report of The Committee on Education And the Leadership of the Committee on Finance on the Chartered Institute of Bankers (Ghana) Bill, 2018 (Record no. 1586)

MARC details
000 -LEADER
fixed length control field 00614nam a2200157Ia 4500
008 - FIXED-LENGTH DATA ELEMENTS--GENERAL INFORMATION
fixed length control field 240428s9999||||xx |||||||||||||| ||und||
041 ## - LANGUAGE CODE
Language code of text/sound track or separate title eng
082 ## - DEWEY DECIMAL CLASSIFICATION NUMBER
Classification number BR/CIBG/18
100 ## - MAIN ENTRY--PERSONAL NAME
Personal name Committee on Education
245 #0 - TITLE STATEMENT
Title Report of The Committee on Education And the Leadership of the Committee on Finance on the Chartered Institute of Bankers (Ghana) Bill, 2018
260 ## - PUBLICATION, DISTRIBUTION, ETC.
Name of publisher, distributor, etc. Committee on Education
Place of publication, distribution, etc. Accra
Date of publication, distribution, etc. 2018
300 ## - PHYSICAL DESCRIPTION
Extent 9p.
650 ## - SUBJECT ADDED ENTRY--TOPICAL TERM
Topical term or geographic name entry element Report of The Committee on Education And the Leadership of the Committee on Finance - Chartered Institute of Bankers (Ghana) Bill, 2018
942 ## - ADDED ENTRY ELEMENTS (KOHA)
Koha item type Bills From Committees
Holdings
Withdrawn status Lost status Damaged status Not for loan Home library Current library Shelving location Date acquired Total checkouts Full call number Date last seen Copy number Price effective from Koha item type
        Main Library Main Library Open Shelves 17/08/2022   BR/CIBG/18 1771 C1 - BR/CIBG/18 1772 C2 - BR/CIBG/18 1773 C3 - BR/CIBG/18 1774 C4 - BR/CIBG/18 1775 C5 29/04/2024 1 29/04/2024 Bills From Committees
©2026  Parliament of Ghana Library - All rights reserved